| 000 | 00543nam a22001697a 4500 | ||
|---|---|---|---|
| 999 |
_c8567 _d8567 |
||
| 008 | 201202b ||||| |||| 00| 0 eng d | ||
| 040 | _aBMS College of Architecture | ||
| 100 | _aR, Shivangi | ||
| 245 | _aHealing gardens - spiritual and wellness center | ||
| 300 | _a40p. | ||
| 500 | _a1BM13AT067 | ||
| 502 |
_8B,Arch _NBMS College of Architecture, Visvesvaraya Technological University (VTU) _aProject report _d2017 |
||
| 650 | _aSpiritual | ||
| 700 |
_aPraveen Kumar Upadhye _eGuide |
||
| 700 |
_aSayee Deodhar _eGuide |
||
| 942 |
_2ddc _cTHE |
||